[Event "EU-Cup 16th"]
[Site "Neum"]
[Date "2000.09.28"]
[Round "5.2"]
[White "Svidler, Peter"]
[Black "Krasenkow, Michal"]
[Result "1-0"]
[WhiteElo "2689"]
[BlackElo "2702"]
[Annotator "Lukacs,P"]
[PlyCount "65"]
[EventDate "2000.09.24"]
[EventType "team-swiss"]
[EventRounds "7"]
[EventCountry "BIH"]
[SourceTitle "CBM 080"]
[Source "ChessBase"]
[SourceDate "2001.01.25"]
[SourceVersion "1"]
[SourceVersionDate "2001.01.25"]
[SourceQuality "1"]
[WhiteTeam "St Petersburg"]
[BlackTeam "Warsaw Polonia"]
[WhiteTeamCountry "RUS"]
[BlackTeamCountry "POL"]

1. e4 g6 2. d4 Bg7 3. Nc3 c6 4. Nf3 (4. f4 d5 5. e5 {The Gurgenidze Variation
gives White at least the space advantage.}) 4... d5 5. h3 Nf6 (5... dxe4 6.
Nxe4 Nd7 {/\ Ngf6 is a safe option with only slightly better chances for White.
}) 6. e5 Ne4 7. Nxe4 (7. Bd3) 7... dxe4 8. Ng5 c5 9. e6 $5 {This leads to
immense complications.} (9. dxc5 {- Yemelin-Lebedev/ St Petersburg Petroff mem
op RUS 2000}) (9. Bc4) 9... Bxe6 {[%mdl 32768]} (9... f6 $5 10. Nf7 $5 {
Here White certainly wants more, but the risk is also higher!} (10. Nxe4 {
White is satisfied with a small, but durable advantage.} Qxd4 (10... cxd4 11.
Bc4 Qb6 12. O-O Bxe6 13. Bxe6 Qxe6 14. Qxd4 Nc6 15. Qa4 $14) 11. Qxd4 cxd4 12.
Bc4 Nc6 13. Bf4 $14 {with a lead of development for White.}) 10... Qxd4 11.
Nxh8 Bxh8 $1 {This is the precise move order.} (11... Bxe6 {allows White to
get back a P.} 12. Nxg6 hxg6 13. Bb5+ Nd7 14. O-O O-O-O 15. Qe2 Ne5 16. Be3 Qd6
17. Rfd1 Qc7 18. Rxd8+ Kxd8 19. Qd2+ Kc8 20. Bf4 $16 {B.Lalic-Webster, St
Heliers op 1997}) (11... Qxd1+ 12. Kxd1 {The _|_ can only be better for White
with an exchange up.} Bxh8 13. Bc4 Nc6 14. g4 Nd4 15. Re1 Nxe6 16. Rxe4 $16 {
Minguez Rodriguez-Bosque Ortega, Canovelles opA 1999}) 12. Bb5+ $142 {
Development first!} (12. Qxd4 cxd4 13. Bc4 Na6 14. Bb5+ Kf8 15. Bh6+ Kg8 16.
O-O-O f5 {and suddenly the phalanx of the black pawns begin to move ahead.} 17.
Bg5 (17. Bxa6 bxa6 18. Bg5 Bxe6 19. Bxe7 Bxa2 20. Bc5 (20. b3 d3 $1) 20... d3
$1 $15 {with a funny landscape having the black pawns on the b1-h7 /^.}) 17...
Nc7 18. Bd7 Bxd7 19. exd7 Kf7 20. h4 Ne6 21. f3 exf3 22. gxf3 Rd8 $13 {S.
Lalic-Webster, St Heliers op 1997}) 12... Nc6 ({Both} 12... Kd8 13. Be3 $1 $16)
({and} 12... Kf8 {are answered by} 13. Be3 $1 $16) 13. O-O Bxe6 14. c3 Qxd1 15.
Rxd1 Bd7 16. Be3 $14) (9... fxe6 $6 {creates a rather ugly P structure with a
passive B on c8.} 10. dxc5 Qa5+ (10... Qd5 11. Qg4 $5 (11. Qe2 Qxc5 (11... O-O
12. Nxe4 Nd7 13. Qc4 $14) 12. Nxe4 Qc7 13. c3 O-O 14. Be3 Nc6 15. Rd1 $14)
11... Qxc5 (11... O-O 12. Nxe4 (12. Qh4 $5 h6 13. Nxe4 g5 14. Qg4) 12... Bd4 (
12... Nc6 13. Bc4 $1 $16) 13. c3 $1 (13. Bd3 Nc6 14. O-O Ne5 15. Qe2 Nxd3 16.
Qxd3 e5 17. Bg5 Bf5 18. Rae1 Rf7 19. b3 Raf8 20. Kh1 Bxe4 21. Rxe4 Qxc5 22. f3
b5 $11 {Ziatdinov-Raicevic, Belgrade-C 1991}) 13... Bxc5 14. Nxc5 Qxc5 15. Be3
$16) (11... e3 12. Bxe3 Bxb2 13. Bc4 $14) 12. Qxe4 (12. Nxe4 Qxc2 13. Bc4 Nc6
14. O-O e5) 12... Bc3+ $1 13. Kd1 Bf6 14. Qc4 $14 {with a virtual P majority
for White.}) 11. c3 Qxc5 12. Nxe4 Qd5 13. Bd3 O-O 14. Qe2 Nc6 15. Bc4 Qa5 16.
O-O Ne5 17. Bb3 $16 {and the weak pawns on the e line secure White the
long-lasting advantage, Agnos-Carlier, Val Thorens Principal 1994.}) 10. Nxe6
fxe6 11. dxc5 (11. Bc4 $5 {is a bit generous move ignoring material and
preferring development.} cxd4 $5 (11... Nc6 12. Qg4 Nxd4 (12... Qxd4 13. Qxe6
Rf8 14. O-O Rd8 15. Be3 Qe5 16. Qxe5 Bxe5 17. c3 Bf4 $1 18. Bxc5 Rd2 19. Ba3
Bd6 $11) 13. Qxe4 O-O (13... Qb6 14. c3) 14. c3 b5 15. Bxe6+ Nxe6 16. Qxe6+ Rf7
17. O-O {Black's P structure is only slightly inferior.} Qd6 18. Qe4 Rd8 19.
Be3 a6 20. Rad1 Qxd1 21. Rxd1 Rxd1+ 22. Kh2 Bf8 23. Bxc5 Rd2 24. b4 (24. Qa8 $5
Rxb2 (24... Rf5 25. Bd4 Rxb2 26. Qxa6 $14) 25. Qxa6 $14) 24... Rxa2 $11 {
Palkovi-Velicka, Team Championships CZE 1998}) (11... Qxd4 12. Qe2 (12. Bxe6 $5
Qxd1+ 13. Kxd1 Nc6 14. c3 Rd8+ 15. Ke2 Rf8 16. Be3 $14 {^^}) 12... Nc6 13. O-O
O-O 14. Bxe6+ Kh8 15. c3 Qd3 16. Re1 Rad8 17. Bb3 Ne5 18. Qxe4 Qxe4 19. Rxe4
Nd3 20. Rxe7 Rxf2 {(Kosten-Webster, Hastings 1995)} 21. Bc4 $1 Bf6 22. Rxb7 Re2
23. Bh6 Rxb2 24. Rf7 Ne5 (24... Bxc3 $4 25. Bxd3) 25. Rxf6 Nxc4 26. Raf1 $16) (
11... Qb6 12. O-O $1 cxd4 13. Qg4 Nd7 $1 14. Qxe4 Rc8 15. Qe2 e5 {The light
squares are terribly weak in Black's camp.} (15... Nc5 16. Bb5+) 16. c3 $1 {
opening up the position, Balinov.} (16. b3 $5 e6 17. a4 O-O 18. a5 Qd6 19. Ba3
Nc5 20. Rad1 Kh8 21. h4 Rf5 22. Rd3 $1 Qd8 23. Bxc5 Rxc5 24. Bxe6 Rh5 25. g3
$16 {Balinov-Srienz, Austria 1992})) (11... Qa5+ 12. c3 (12. Bd2 $5) 12... cxd4
13. O-O dxc3 (13... d3 14. Re1 Qf5 15. Qb3) 14. Bxe6 cxb2 15. Rb1 bxc1=Q 16.
Rxc1 Nc6 17. Qd7+ Kf8 18. Qxb7 Rd8 19. Qxc6 Bf6 20. Qxe4 Kg7 21. Bb3 $14 {
Balinov}) 12. Bxe6 (12. Qg4 Qa5+ 13. Bd2 Qf5 14. Bxe6 Qxg4 15. hxg4 Nc6 16.
O-O-O (16. Bd5 e3 $1 17. fxe3 dxe3 18. Bxe3 Bxb2 19. Rb1 Bc3+ 20. Ke2 Rd8 21.
Be4 Nd4+) 16... Rd8 (16... d3 17. Bd5) 17. Rde1 e3 18. fxe3 d3 $11) 12... Qb6
13. Bb3 Nd7 14. O-O Nc5 15. Bc4 e6 $13) (11. Qg4 Qd5 $1 (11... Qxd4 12. Qxe6
Nc6 13. Bc4 Rf8 14. O-O Rd8 15. Be3) (11... cxd4 12. Qxe6 Qa5+ 13. Bd2 Qf5 14.
Qb3 Nd7 15. Bc4 $44) 12. Bb5+ (12. dxc5 O-O) 12... Nd7 (12... Nc6 $6 {runs
into the pin.} 13. c4 Qf5 14. Qxf5 gxf5 15. d5 (15. dxc5 $6 O-O-O $17 {
Crut-Gicguel, Crean op 1999}) 15... a6 16. dxc6 axb5 17. cxb7 Rb8 18. cxb5 Rxb7
19. a4 $14) 13. dxc5 (13. c4 {is now not so dangerous.} Qf5 14. dxc5 Qxg4 15.
hxg4 O-O-O 16. c6 Nc5 17. Be3 Nd3+ 18. Ke2 a6) 13... O-O-O $13) 11... Qd5 $6
$146 {This unnecessarily complicates matters.} (11... Qxd1+ {is the logical
continuation.} 12. Kxd1 O-O (12... Nd7 $6 13. c3 (13. Be3 $6 Bxb2 14. Rb1 Ba3
15. Bb5 {(1/2:1/2 L.Vajda-Moldovan, Cicoltea mem Bucharest 1997)} O-O-O $17)
13... Nxc5 14. Bb5+ Kf7 15. Be3 $14 {^^ Milu,R}) (12... Nc6 $2 13. c3 {
securing the escape of the K to c2.} O-O-O+ 14. Kc2 e5 15. Bb5 Rhf8 16. Rf1 $16
{Bjerring-Bosque, Barbera-A 1997}) 13. Bc4 $1 (13. Ke2 $6 {is against common
sense.} Na6 14. Be3 Rac8 $11 {Timoschenko-Maculskij, SU 1974}) 13... Nc6 (13...
Rxf2 $2 {Brack is hunting pawns instead of finishing development.} 14. Bxe6+
Kh8 15. Bc8 $1 {Here is the punishment!} (15. Bd5 Nc6 16. Be3 (16. Bxe4 Bd4)
16... Rxg2 17. Bxe4 Rd8+ 18. Ke1 Bxb2 (18... Rg3 19. Kf2 (19. Bf2 Rg5) 19...
Be5 20. Rad1 $14) 19. Rb1 Bc3+ 20. Kf1 Rg3 21. Kf2 Be5 22. Rxb7 Rf8+ 23. Ke2
Nd4+ 24. Kd2 Rd8 25. Bxd4 Rxd4+ 26. Bd3 Rd5 27. c6 Rc5 28. Rxe7 {1/2:1/2
Agnos-Komliakov, Val Thorens Principal 1994}) 15... Nd7 $1 16. Bxd7 Rd8 17. Ke1
Rxc2 18. Ba4 Rxg2 19. Kf1 Rg3 20. Bc2 $16) 14. Bxe6+ (14. Be3 Bxb2 15. Rb1
Rad8+ 16. Ke2 Nd4+ 17. Bxd4 Bxd4 $11 {Klovsky-Sokolin, New York Enhance 1993})
14... Kh8 15. Rf1 Rad8+ 16. Ke1 Bd4 17. c3 Bxc5 18. Ke2 {Now the K is safe in
the middle.} Rf6 19. Bb3 Ne5 20. Be3 Nd3 21. Rad1 $14 {looks simpler.} (21.
Bxc5 Nf4+ $5 (21... Nxc5 22. Rad1 Nd3 23. Ke3 $14) 22. Ke3 {This is the
beginning of a funny K march.} Nxg2+ 23. Kxe4 Rf4+ 24. Ke5 Rf5+ 25. Ke6 Rxc5
26. Rad1 Nf4+ (26... Rg8 $6 {(Vitolinsh-Ubilava, URS-ch otbor 1975)} 27. Rd7
$16) 27. Kxe7 Rxd1 28. Rxd1 Re5+ 29. Kd6 Re2 30. h4 Rxf2 31. Kc7 $14)) 12. c3 (
12. Bb5+ Nc6 13. O-O Qxc5 14. Qe2 O-O 15. c3 Qf5) (12. Be2 Qxc5 13. O-O O-O 14.
c3) 12... Nc6 $6 (12... Qxc5 $6 13. Be3 Qd5 14. Qa4+ Nc6 15. Rd1 $44) (12...
Nd7 $6 13. Bb5 $16) (12... O-O $142 {was the logical continuation.} 13. Be3 Nd7
14. Bb5 Ne5 15. O-O $14 {Svidler}) 13. Be3 $16 O-O-O $5 (13... O-O 14. Bb5 Ne5
15. O-O Nd3 16. Qb3 $1 $16) 14. Bb5 Ne5 (14... Qxd1+ 15. Rxd1 Rxd1+ 16. Kxd1
Rd8+ 17. Ke2 $16 {and the _|_ is clearly better for White.}) (14... a6 15. Be2
Ne5 16. O-O Qc6 17. Qc2 $16 {and Black's triple pawns remain ugly.}) 15. O-O
Nd3 $2 {Black wants to complicate matters.} ({The _|_ after} 15... Qxd1 16.
Raxd1 Rxd1 17. Rxd1 Rd8 18. Rxd8+ Kxd8 19. Bd4 $16 {was not rosy either
because of the weak P structure and White's ^^.}) 16. c4 $1 (16. Qb3 Nxc5 (
16... Rhf8 17. c6 $1 bxc6 18. Bc4 $16) 17. Qxd5 Rxd5 18. Bc4 $16) (16. Qa4 $6
a6) 16... Qh5 $5 (16... Qe5 17. c6 $1 (17. Qa4 a6 $1 {is not that clear, for
example:} 18. Bxa6 bxa6 19. Qxa6+ Kd7 20. c6+ (20. Qa4+ Kc7) 20... Ke8 $1)
17... a6 18. cxb7+ Kxb7 19. Ba4 $16) (16... Qf5 $2 17. Qa4 a6 18. Bxa6 $18) 17.
Qa4 Kb8 (17... a6 {is already met by the devastating} 18. Bxa6 $1 bxa6 19.
Qxa6+ Kd7 20. Qa4+ {and Black' Q is off-side.} Kc7 (20... Kc8 21. Qc6+ Kb8 22.
Qb6+ Kc8 23. c6 $18) 21. Qa7+ Kc8 (21... Kc6 22. b4 Nxb4 23. Rab1 Rb8 24. a3
$18) 22. c6 $18) 18. c6 Bd4 (18... Nc5 19. c7+ Kxc7 20. Qxa7 $18) 19. c5 $3 $18
{[%mdl 512] This nice tactical blow decides the battle.} (19. Bxd4 Rxd4 20.
cxb7 Nf4) 19... Nxc5 (19... Qxc5 20. Bxd3 exd3 21. c7+ $18) (19... Bxe3 {
is met by the zwischenzug} 20. Bxd3 $1 Bxc5 (20... exd3 21. Qb5 b6 22. Qa6 $18)
21. Bxe4 $18) 20. Qa3 Bxe3 21. fxe3 Qe5 (21... Rc8 22. Rac1 b6 (22... Nd3 23.
Bxd3 exd3 24. c7+ Ka8 25. Qxd3 $18) 23. b4 $18) 22. Rac1 Rd5 (22... b6 23. b4
$18) 23. b4 bxc6 (23... Rd2 {is again met by the standard} 24. c7+ $1 (24. Rxc5
$4 Qg3 $19) 24... Qxc7 (24... Kc8 25. Qxa7 $18) (24... Ka8 25. Rxc5) 25. Rf4 $1
$18) (23... Qg3 24. c7+ $1 $18) 24. Bxc6 Nd3 (24... Nb7 25. Bxd5 exd5 (25...
Qxd5 26. Qc3) 26. Rf2 $18) 25. Qa6 Qc7 26. Bxd5 Nxc1 27. Bc4 $1 {Domination
over the bad N.} Nd3 28. Qb5+ Ka8 (28... Qb6 29. Bxd3 exd3 30. Qe5+ $18) 29.
Bxe6 Qb6 30. Qd5+ Kb8 31. Qxe4 Rd8 32. Bc4 Nb2 33. Be2 1-0

[Event "Abihome op"]
[Site "Brussels"]
[Date "2000.10.07"]
[Round "5"]
[White "Fressinet, Laurent"]
[Black "Svidler, Peter"]
[Result "1/2-1/2"]
[WhiteElo "2536"]
[BlackElo "2689"]
[PlyCount "65"]
[EventDate "2000.10.07"]
[EventType "swiss (rapid)"]
[EventRounds "10"]
[EventCountry "BEL"]
[SourceTitle "EXT 2001"]
[Source "ChessBase"]
[SourceDate "2000.11.22"]
[SourceVersion "1"]
[SourceVersionDate "2000.11.22"]
[SourceQuality "1"]

1. e4 c5 2. Nc3 d6 3. f4 Nc6 4. Nf3 g6 5. Bc4 Bg7 6. O-O e6 7. d3 Nge7 8. Qe1
h6 9. Bb3 a6 10. a4 b6 11. Qg3 d5 12. f5 d4 13. Ne2 exf5 14. Bf4 Ra7 15. Ne5
Nxe5 16. Bxe5 O-O 17. a5 fxe4 18. dxe4 Bxe5 19. Qxe5 Nc6 20. Qg3 Kh7 21. axb6
Qxb6 22. Nf4 Qb8 23. Nxg6 Rg8 24. Qxb8 Nxb8 25. Ne5 Be6 26. Bxe6 fxe6 27. Rf6
Re7 28. Nc4 Rg4 29. e5 Re4 30. Raf1 Nc6 31. R6f4 Rxf4 32. Rxf4 Kg7 33. Rg4+
1/2-1/2

[Event "Abihome op"]
[Site "Brussels"]
[Date "2000.10.08"]
[Round "8"]
[White "Svidler, Peter"]
[Black "Van der Stricht, Geert"]
[Result "1-0"]
[WhiteElo "2689"]
[BlackElo "2369"]
[PlyCount "119"]
[EventDate "2000.10.07"]
[EventType "swiss (rapid)"]
[EventRounds "10"]
[EventCountry "BEL"]
[SourceTitle "EXT 2001"]
[Source "ChessBase"]
[SourceDate "2000.11.22"]
[SourceVersion "1"]
[SourceVersionDate "2000.11.22"]
[SourceQuality "1"]

1. e4 c5 2. Nf3 d6 3. c3 Nf6 4. Bd3 Nc6 5. Bc2 Bg4 6. h3 Bxf3 7. Qxf3 g6 8. O-O
Bg7 9. Qe2 O-O 10. d3 b5 11. Nd2 b4 12. Nf3 bxc3 13. bxc3 Nd7 14. Bd2 Rb8 15.
Ba4 Qc7 16. Rab1 Rxb1 17. Rxb1 Rb8 18. Rxb8+ Ndxb8 19. Qd1 Qb6 20. Qc2 Nd7 21.
d4 Nf8 22. dxc5 Qxc5 23. Be3 Qc4 24. Qb3 Na5 25. Qxc4 Nxc4 26. Bxa7 Bxc3 27.
Nd4 Kg7 28. Kf1 e5 29. Nb5 Bb4 30. Ke2 Ne6 31. g3 Nc5 32. Bc2 Kf8 33. Nc7 Na3
34. Bd3 Na4 35. Nd5 Nc3+ 36. Nxc3 Bxc3 37. Ba6 Ke7 38. Kd3 Bb4 39. h4 h6 40.
Be3 h5 41. Bb7 Ke8 42. Bg5 Kd7 43. f3 Be1 44. Bd5 Ke8 45. Bc6+ Kf8 46. Bd2 Bxd2
47. Kxd2 Ke7 48. Kc3 f6 49. Ba4 d5 50. exd5 Kd6 51. Kb4 Nb1 52. Bc2 Nd2 53.
Bxg6 Nxf3 54. Bxh5 e4 55. Kc3 Ne5 56. Kd4 f5 57. Be2 f4 58. gxf4 Ng6 59. Kxe4
Nxh4 60. f5 1-0

[Event "Abihome op"]
[Site "Brussels"]
[Date "2000.10.08"]
[Round "10"]
[White "Svidler, Peter"]
[Black "Van den Doel, Erik"]
[Result "1-0"]
[WhiteElo "2689"]
[BlackElo "2547"]
[PlyCount "103"]
[EventDate "2000.10.07"]
[EventType "swiss (rapid)"]
[EventRounds "10"]
[EventCountry "BEL"]
[SourceTitle "EXT 2001"]
[Source "ChessBase"]
[SourceDate "2000.11.22"]
[SourceVersion "1"]
[SourceVersionDate "2000.11.22"]
[SourceQuality "1"]

1. e4 e5 2. Nf3 Nc6 3. Bb5 Nf6 4. O-O Nxe4 5. d4 Nd6 6. Bxc6 dxc6 7. dxe5 Nf5
8. Qxd8+ Kxd8 9. Nc3 Ke8 10. h3 Ne7 11. Ne2 Ng6 12. Ng3 c5 13. Re1 h6 14. h4 b6
15. h5 Ne7 16. Nh4 Kd7 17. f4 Kc6 18. f5 Nd5 19. c3 a5 20. Bd2 c4 21. Re2 b5
22. Rf1 b4 23. Kh1 a4 24. cxb4 a3 25. bxa3 Rxa3 26. Ne4 Rxa2 27. Nf3 Kb7 28.
Nd4 Ra3 29. Rc1 Rd3 30. Nf3 Bxf5 31. Rxc4 Be7 32. Nc5+ Bxc5 33. bxc5 Ra3 34.
c6+ Kc8 35. Rf2 Rd8 36. Kh2 Nb6 37. Rf4 Be6 38. Nd4 Rd3 39. Nxe6 fxe6 40. Ba5
Nd5 41. Ra4 Rb3 42. Rf7 Rg8 43. Rg4 Kb8 44. Rfxg7 Rxg7 45. Rxg7 Re3 46. Rh7
Rxe5 47. Rxh6 Nf6 48. Rh8+ Ka7 49. Bxc7 Rxh5+ 50. Rxh5 Nxh5 51. Be5 Kb6 52. g4
1-0

[Event "Olympiad-34"]
[Site "Istanbul"]
[Date "2000.10.28"]
[Round "1.1"]
[White "Svidler, Peter"]
[Black "Tissir, Mohamed"]
[Result "1-0"]
[WhiteElo "2689"]
[BlackElo "2342"]
[Annotator "Ernst,T"]
[PlyCount "55"]
[EventDate "2000.10.28"]
[EventType "team-swiss"]
[EventRounds "14"]
[EventCountry "TUR"]
[SourceTitle "EXT 2001"]
[Source "ChessBase"]
[SourceDate "2000.11.22"]
[SourceVersion "1"]
[SourceVersionDate "2000.11.22"]
[SourceQuality "1"]
[WhiteTeam "Russia"]
[BlackTeam "Morocco"]
[WhiteTeamCountry "RUS"]
[BlackTeamCountry "MAR"]

1. e4 c5 2. Nf3 Nc6 3. d4 cxd4 4. Nxd4 e6 5. Nc3 Qc7 6. Be2 Nf6 7. O-O a6 8.
Be3 Bb4 9. Na4 Be7 10. Nxc6 bxc6 11. Nb6 Rb8 12. Nxc8 Qxc8 13. Bd4 $1 {This
move has only recently been discovered.} c5 14. Be5 Rb6 15. b3 O-O 16. Qd3 d5
$2 (16... d6 17. Bb2 Nd7 18. Rad1 Bf6 19. Bc1 a5 20. f4 Rd8 21. Qh3 $1 $14 {
Shirov-Atakisi/Batumi/1999/}) 17. exd5 exd5 18. Bf3 $16 c4 19. Qd2 Qf5 20. Rae1
cxb3 21. axb3 Bb4 22. c3 Bd6 23. Qd4 Rc6 24. c4 $18 Bc5 25. Qb2 Ng4 26. Bg3 Rg6
27. cxd5 Qg5 28. Qc1 1-0

[Event "Olympiad-34"]
[Site "Istanbul"]
[Date "2000.10.31"]
[Round "4.3"]
[White "Svidler, Peter"]
[Black "Hauchard, Arnaud"]
[Result "1-0"]
[WhiteElo "2689"]
[BlackElo "2539"]
[Annotator "Lukacs,P"]
[PlyCount "123"]
[EventDate "2000.10.28"]
[EventType "team-swiss"]
[EventRounds "14"]
[EventCountry "TUR"]
[SourceTitle "EXT 2001"]
[Source "ChessBase"]
[SourceDate "2000.11.22"]
[SourceVersion "1"]
[SourceVersionDate "2000.11.22"]
[SourceQuality "1"]
[WhiteTeam "Russia"]
[BlackTeam "France"]
[WhiteTeamCountry "RUS"]
[BlackTeamCountry "FRA"]

1. e4 {[%mdl 32]} c6 2. d4 d5 3. Nd2 dxe4 4. Nxe4 Bf5 5. Ng3 Bg6 6. h4 h6 7.
Nf3 Nf6 (7... Nd7 {is the positional old main line.}) 8. Ne5 Bh7 9. Bd3 Nbd7
10. Bxh7 Nxh7 (10... Nxe5 $5 {- Leko-Bareev, Dortmund Super GM 2000 CBM 78})
11. Qe2 (11. Bf4 e6) 11... e6 (11... Nxe5 12. dxe5 e6 (12... Qd5 {allows} 13.
e6 $1 {This is the typical blow here hindering Black's development.} Qxe6 (
13... fxe6 14. O-O O-O-O 15. Bf4 $16 {and the f8 B looks miserable.}) 14. Qxe6
fxe6 15. Be3 Nf6 16. O-O-O $14 {with a rather bad P structure for Black.}) 13.
Bd2 {/\ 0-0-0} Qc7 (13... Qd5 $2 {is too greedy.} 14. c4 $1 Qxg2 15. O-O-O c5
16. Ne4 $16) 14. O-O-O $14 {with space advantage for White and a badly placed
N on h7.}) 12. Bd2 Be7 (12... Nxe5 13. dxe5 Qd5 $6 {is again worse because of}
14. c4 $1 Qxg2 15. O-O-O $16) (12... Bd6 13. O-O-O O-O 14. Nh5 $1 Ndf6 15.
Nxf6+ Nxf6 16. g4 $1 {with a dangerous P march on the >>.}) 13. O-O-O (13. Nh5
$5 Rg8 (13... O-O {is losing to} 14. Bxh6 $1 gxh6 15. Nxd7 Qxd7 16. Qg4+ Ng5
17. hxg5 hxg5 18. O-O-O $16) 14. O-O-O Nhf6 15. Rh3 Nxh5 16. Qxh5 Nxe5 17. dxe5
Qd5 18. Rb3 Qxg2 $5 (18... g6 $2 {Black sacrifices a P in order to finish his
development.} 19. Qxh6 O-O-O (19... Qxe5 20. Rxb7 $16) 20. Qf4 Rd7 21. Qa4 (21.
Qxf7 $6 {activates only Black's heavy artillery.} Rf8 22. Qxg6 Rxf2 23. Rd3
Qxa2 24. Qe8+ Rd8 25. Rxd8+ Bxd8 26. c3 Kc7 (26... Rxg2 $5 27. h5 Rh2 28. h6
Qa1+ 29. Kc2 Qa4+ 30. Kc1 Qa1+ $11) 27. Qg6 Qa1+ 28. Kc2 (28. Qb1 Qxb1+ 29.
Kxb1 Bxh4 $11) 28... Qa4+ 29. Kc1 Qa1+ 30. Kc2 {1/2:1/2 Akesson-Rausis,
Schacknytt GM 2000}) 21... Rgd8 (21... Qxe5 22. Qxa7 $16) 22. Qxa7 Qxe5 23.
Qa8+ Qb8 24. Qxb8+ Kxb8 25. Bf4+ $16 {with a healthy P up for White.}) 19. Rxb7
(19. Rg3 $2 Qxf2 20. Rf3 g6 $1 $17) 19... Qxf2 20. Kb1 $1 (20. Rxe7+ Kxe7 21.
Bb4+ Ke8) 20... g6 (20... O-O-O 21. Rxe7 Rxd2 22. Rxd2 Qxd2 23. a3 $16) (20...
Bc5 21. Bc1 $16) 21. Qxh6 Qxh4 22. Qe3 Qc4 (22... Rd8 23. Qf3 $16) 23. Bc1 $16
{and the black K remains in the middle.}) 13... O-O 14. f4 {/\ f5} f5 $5 {
against f4-f5, but weakening the vital e6 and e5 squares.} (14... Re8 {is
certainly met by} 15. f5 $1 Bf6 (15... Bxh4 16. Nxf7 $1 $18) (15... Bd6 16.
Bxh6 $1 Bxe5 $1 (16... gxh6 17. Qg4+ Kf8 18. Nh5 $18) 17. dxe5 gxh6 18. Nh5 $1
{is the precise way of continuing the ->.} (18. f6 $5 Kh8 19. Ne4 (19. Qh5 Rg8
20. Ne4 Rg6) 19... Rg8 20. Nd6 Qf8 21. Qh5 Rg6 22. Nxf7+ Qxf7 23. Rxd7 Qxd7 24.
Qxg6 Rg8 25. Qxh6 Qd5 $13) 18... exf5 19. Qd3 (19. Qd2 Re7) 19... Re6 $1 20.
Qxd7 Qxd7 21. Rxd7 b6 22. Re1 Nf8 23. Rd6 Ng6 24. g3 $14) 16. Bf4 $36) (14...
Nb6 {is again met by} 15. f5 $1 $36) 15. Qc4 (15. Ng6 $5 Rf6 16. h5 (16. Nxe7+
Qxe7 17. Bc3 Qd6 (17... Rf7 18. Rde1 Re8 19. Qf3 (19. Qc4 Qd6) 19... Qd6 {
and the dark-squared B remains passive.}) 18. Rhf1) 16... Nhf8 17. Ne5 $14) (
15. Nd3 Rf6) 15... Nxe5 $1 16. dxe5 (16. fxe5 Qd5) 16... Qd5 17. Qxd5 cxd5 18.
h5 $14 {blockading the weaknesses on the >>.} Rfc8 19. Ne2 Nf8 20. g4 $1 (20.
Nd4 Bc5 21. Be3 Rc7) 20... fxg4 {otherwise >< f5 remains a target.} (20... Bc5
21. gxf5 exf5 22. Ng3 Ne6 23. Nxf5 Rf8 24. Nd6 $18) (20... Kf7 21. gxf5 exf5
22. Nd4 $18) 21. Rdg1 Rc7 (21... Bc5 22. Rxg4 Rc7 {was a real alternative.})
22. Be3 $1 (22. Rxg4 Bc5 {- 21...Bc5}) 22... Rac8 23. c3 b6 (23... b5 $5 {
looks more active.} 24. Kb1 (24. Kd2 b4) (24. Rxg4 b4 25. Rhg1 Bd8 26. Kd1 bxc3
27. Nxc3) 24... b4 25. cxb4 Bxb4 26. Nd4 Bc5 27. Rxg4 Bxd4 28. Bxd4 $14) (23...
Bc5 24. Bxc5 Rxc5 25. Rxg4 b5 26. Rhg1 R5c7 (26... R8c7 $2 27. Nd4 $1 b4 28. f5
bxc3 29. b4 Rc4 30. f6 Rxb4 31. Rxg7+ Rxg7 32. Rxg7+ Kh8 33. Nc6 $18) 27. Kb1
Rf7 28. Nd4 a6 29. f5 $1 exf5 30. Nxf5 $18 {and Black collapses.}) 24. Rxg4 Bc5
25. Kd2 (25. Bxc5 $2 bxc5 $11) 25... Rf7 26. Rhg1 {<-> g} Nd7 27. Rg6 Kh8 (
27... Re8 $2 28. Rxh6 $18) (27... Bxe3+ 28. Kxe3 $18) 28. Bxc5 (28. Rxe6 $2 {
falls into the trap after} Nf8) 28... Nxc5 (28... bxc5 $2 29. Rxe6 $18) 29. Ke3
Re7 (29... Rf5 30. Rxg7 Rxh5 31. Rxa7 $18) 30. Nd4 Rce8 31. Rc1 $1 {White
opens the c <-> widening the battlefront.} Nd7 32. c4 $1 dxc4 33. Rxc4 {<-> c}
Nf8 (33... Nc5 34. b4) 34. Rg2 {/\ Rgc2} Kh7 (34... Rd7 35. Rc6 Red8 36. Nxe6
Nxe6 37. Rxe6 Rd3+ 38. Ke4 R3d4+ (38... R8d4+ 39. Kf5 Rf3 40. Kg6 Rdxf4 41.
Re8+ Rf8 42. Rxf8+ Rxf8 43. Rd2 Re8 44. Rd7 $18) 39. Kf3 Rf8 40. Rg4 $16) 35.
Rgc2 {White's active rooks dominate the board.} g5 (35... Kg8 36. Rc8) 36.
hxg6+ Nxg6 37. Rc7 Kg8 38. R2c6 Nf8 39. Nb5 $1 $18 {Total domination!} Ng6 40.
Rxa7 Rxa7 41. Nxa7 Ne7 42. Rc4 Ra8 43. Nc6 Nf5+ (43... Nd5+ 44. Ke4 Rf8 (44...
Rxa2 45. Nd4 Rxb2 46. f5 $18) 45. Kf3 $18) 44. Ke4 Rxa2 45. Nd8 (45. Rb4 Ra1
46. Rxb6 Re1+ 47. Kd3 Rf1 48. Rb7 Rf3+ 49. Ke2 Rxf4 50. b4 h5 $11) 45... Ng7 (
45... Rxb2 46. Nxe6 Ne7 47. Rc7 (47. f5 $2 Re2+ 48. Kf4 Nd5+) 47... Rb4+ 48.
Nd4 Kf8 49. e6 Rb1 50. Nc2 (50. f5 Re1+ 51. Kd3 Rd1+) 50... Rb5 51. Rd7 (51.
Ne3 Rb4+ 52. Kf3 Rb3) 51... Rc5 (51... h5 $2 52. Nd4 Rb1 53. f5 Re1+ 54. Kf4
Rf1+ 55. Kg5) 52. Nd4 Rc1 53. f5 Re1+ 54. Kf4 $18) 46. Rc6 Rxb2 47. Nxe6 {
Two connected passed pawns are very dangerous.} Rb4+ 48. Kf3 Nf5 49. Kg4 Ne3+
50. Kf3 Nf5 51. Rc8+ Kf7 52. Rf8+ Kxe6 53. Rf6+ Kd5 54. Rxf5 Rc4 (54... Rb3+
55. Kg4 Rb1 56. Rf8 Ke4 (56... b5 57. Kf5 Re1 58. Rd8+ Kc6 59. Ke6 $18) 57. e6
$18) 55. Rh5 Rc6 56. Rh1 b5 57. Kg4 b4 58. Kf5 b3 59. e6 $1 b2 60. Rb1 Rc2 61.
e7 Re2 62. Kf6 1-0